[Event "Stuttgart-chB int"]
[Site "Ditzingen"]
[Date "2012.05.18"]
[Round "3"]
[White "Gomer, Dieter"]
[Black "Steiert, Roland"]
[Result "1-0"]
[WhiteElo "1565"]
[BlackElo "1736"]
[PlyCount "103"]
[EventDate "2012.05.17"]
[EventType "swiss"]
[EventRounds "7"]
[EventCountry "GER"]
[SourceTitle "EXT 2018"]
[Source "ChessBase"]
[SourceDate "2017.10.13"]
[SourceVersion "1"]
[SourceVersionDate "2017.10.13"]
[SourceQuality "1"]

1. d4 c5 2. e3 Nf6 3. Nf3 g6 4. c4 Bg7 5. Nc3 0-0 6. Bd3 d6 7. 0-0 Nbd7 8. e4 cxd4 9. Nxd4 Ne5 10. Be2 Bd7 11. f4 Nc6 12. Nf3 Ng4 13. Kh1 Qb6 14. Nd5 Qa5 15. Bd2 Qd8 16. h3 Nh6 17. g4 Bxg4 18. hxg4 Nxg4 19. Ng5 Nh6 20. f5 Ne5 21. fxg6 hxg6 22. Qb3 e6 23. Nb4 Qe7 24. Nd3 Nc6 25. Nf3 a5 26. Rf2 Ng4 27. Rg2 Nd4 28. Qd1 Nxf3 29. Rxg4 Nxd2 30. Qxd2 Kh7 31. Rg2 Rh8 32. Nf2 Bh6 33. Qc2 Kg7 34. Kg1 Bf4 35. Qc3+ e5 36. Rg4 g5 37. Nh3 Rxh3 38. Qxh3 Rh8 39. Qg2 Qf6 40. Qf3 b6 41. Kf2 Rh2+ 42. Rg2 Rh4 43. Rag1 Rh3 44. Qxh3 Bg3+ 45. Ke3 Bf4+ 46. Kd3 b5 47. Kc2 Kf8 48. Qf5 Qd8 49. Bh5 f6 50. Qe6 Kg7 51. Qf7+ Kh8 52. Bg6 1-0

[Event "GER-chT U14"]
[Site "Arendsee"]
[Date "2009.12.29"]
[Round "6.2"]
[White "Doering, Andre Patrick"]
[Black "Gomer, Dieter"]
[Result "1/2-1/2"]
[WhiteElo "1554"]
[BlackElo "1249"]
[PlyCount "101"]
[EventDate "2009.12.27"]
[EventType "team-swiss"]
[EventRounds "7"]
[EventCountry "GER"]
[SourceTitle "EXT 2022"]
[Source "ChessBase"]
[SourceDate "2021.10.06"]
[SourceVersion "1"]
[SourceVersionDate "2021.10.06"]
[SourceQuality "1"]
[WhiteTeam "Treptow"]
[BlackTeam "Balingen U14"]
[WhiteTeamCountry "GER"]
[BlackTeamCountry "GER"]

1. d4 d5 2. c4 e6 3. Nc3 Nf6 4. Nf3 c5 5. Bg5 Be7 6. e3 Nc6 7. Be2 0-0 8. 0-0 b6 9. Rb1 Qc7 10. dxc5 bxc5 11. cxd5 Nxd5 12. Nxd5 exd5 13. Bxe7 Nxe7 14. Rc1 Qb6 15. Qc2 c4 16. Nd4 Bb7 17. b3 cxb3 18. Qxb3 Ba6 19. Bxa6 Qxa6 20. Rb1 Qd6 21. Qb4 Qd8 22. h3 Re8 23. Rfc1 Ng6 24. Rc6 Qg5 25. Nf3 Qf5 26. Rd1 Reb8 27. Qd2 Rb1 28. Rxb1 Qxb1+ 29. Rc1 Qb5 30. Rd1 Rd8 31. Nd4 Qd7 32. Nf3 h6 33. e4 Ne7 34. Qe3 Qa4 35. Rd2 Kf8 36. exd5 Rxd5 37. Rxd5 Nxd5 38. Qb3 Qxb3 39. axb3 Ke7 40. Kf1 Kd6 41. Ke1 Kc5 42. Kd2 Kb4 43. Kc2 Nf4 44. Ne1 f5 45. h4 g5 46. hxg5 hxg5 47. g3 Ne2 48. Nd3+ Kb5 49. Kd2 Nd4 50. Kc3 Ne2+ 51. Kd2 1/2-1/2